000 00734nam a22002297a 4500
005 20170124110007.0
010 _a253844
020 _c00.00
035 _a253844
037 _bCen Lib/Ret
040 _aDPL
_bEN
082 _a378.1
_bCAR
100 _aCarmichael, Oliver C.
_917039
245 _aUniversities :
_cby Oliver C. Carmichael
_bCommonwealth and American ; a comparative study /
260 _aNew York
_bHarper and Brothers Publishers
_c1959
270 _bNew York
300 _axx, 390p.
_c21cm(Hb)
500 _aIncludes index
650 _aEducation, Higher -- Curricula -- Commonwealth countries.
_973789
650 _aEducation, Higher -- Curricula
_973790
942 _2ddc
_cEN
_h378.1
_mCAR
999 _c126249
_d126249